00819nam a2200229 a 450000100100000000500170001000800410002702000150006804000250008310000270010824000230013524500830015825000110024126000610025230000280031350000340034150400330037570000260040870000360043495201040047099900150057400000811720200929154437.0090915s1985 mx a 000 0 spa d a9684180020 aDO-SdBNPbspacBNPHU1 aMilne, Lorus J.92203310aThe mountainslspa10aLas montañas /cLorus J. Milne, Margery Milne ; traductor Victorino Pérez. a2a ed. aMéxico :bEdiciones Culturales Internacionales,c1985. a192 p. :bil. ;c28 cm. aTraducido del idioma inglés aBbibliografía : p. 188-1921 aMilne, Margery9220341 aPérez, Victorino,etr.922035 001050718MOaGRbGRcHDd2013-03-18iLF1l0o p8117-50r2020-06-25w2020-06-25y1ZNo se presta c7894d7894